000 00882nam a2200229 a 4500
001 000007861
005 20200929154327.0
008 090911s2002 dr 000 0 spa d
040 _aDO-SdBNP
_bspa
_cBNPHU
082 _a657
_bH557e
100 1 _aHernández, Norberto,
_d1957-
_921628
245 1 0 _aEvolución de la contabilidad en República Dominicana y su base legal /
_cNorberto Hernández ; edición al cuidado de Pedro Solis, Rafael Polanco y Frank Valdéz.
260 _aSanto Domingo,
_fTriunfo fast printing
_c2002.
300 _a207 p. ;
_c22 cm.
500 _aIncluye datos biográficos del autor en la contracubierta.
650 4 _aContabilidad
_zRepública Dominicana
_921629
650 4 _aContabilidad
_xLegislación
_920157
700 1 _aSolis, Pedro,
_eed.
_921630
700 1 _aPolando Rafael,
_eed.
_921631
700 1 _aValdéz, Frank,
_eed.
_910772
049 _aBNPD
999 _c7639
_d7639